Zúrodňovanie pôdy na Slovensku /

Salvato in:
Dettagli Bibliografici
Altri autori: Bodnár, Ján (Compilatore)
Natura: Libro
Lingua:slovacco
Pubblicazione: Bratislava: Štátna melioračná správa v Bratislave, 1984
Tags: Aggiungi Tag
Nessun Tag, puoi essere il primo ad aggiungerne!!

MARC

LEADER 00000nam a22000003a 4500
001 0024712
003 SK-STU
005 20170622111511.8
007 ta
008 170622s ----xo-----e------000-0-----d
040 |a STU  |b slo 
041 0 |a slo  |h slo 
044 |a xo 
100 1 |a Bodnár, Ján  |4 com  |r Z5 
245 1 0 |a Zúrodňovanie pôdy na Slovensku /  |c zost. Ján Bodnár 
260 |a Bratislava:  |b Štátna melioračná správa v Bratislave,  |c 1984 
300 |a 128 s. 
996 |b 284V040576  |c V* 52639/O-23796  |l VVT  |s A  |a 24  |w 0024712_0001